000 00606nam a2200229Ia 4500
003 OSt
005 20220918200906.0
006 a|||||r|||| 00| 0
007 ta
008 220917b |||||||| |||| 00| 0 eng d
024 _a90,703
037 _cTextual
040 _aARTS
_cARTS
_beng
041 _2eng
_aeng
082 _aVv0aY, 113L6
100 _aWehler ans Ulrich
_995930
245 0 _aGeshicte und soziologie
260 _aKevelaer
_bKiepenheuer and witsch
_c1976
650 _aHISTORY
942 _hVv0aY, 113L6
_cTEXL
_2CC
999 _c214364
_d214364